Normal view
MARC view
Entry Personal Name
001 - CONTROL NUMBER
- control field: 4158
003 - CONTROL NUMBER IDENTIFIER
- control field: ARRUPE
005 - DATE AND TIME OF LATEST TRANSACTION
- control field: 20131127122829.0
008 - FIXED-LENGTH DATA ELEMENTS
- fixed length control field: 131127|| aca||aabn | a|a d
040 ## - CATALOGING SOURCE
- Original cataloging agency: ARRUPE
- Transcribing agency: ARRUPE
100 ## - HEADING--PERSONAL NAME
- Personal name: Forbes, F. William.
670 ## - SOURCE DATA FOUND
- Source citation: Work cat.: (ARRUPE)0: American Association of Teachers of Spanish and Portuguese. Northeast Regional Meeting (5th : 1992 : Manchester, N.H.) 4154, Reflections on the conquest of America :, 1996.